Colección de Formas de Países de Dave el Dragón - Estadísticas

Estadísticas generales
  • Esta prueba ha sido intentada 2.437 veces
  • La puntuación promedio es 20 de 29
Respuestas en el mapa
Las respuestas están codificadas por una escala verde-roja en el mapa de la prueba según el % correcto abajo.
 
Estadísticas de respuestas
País % Correcto
Italia
98%
Chile
97%
Noruega
97%
Somalia
88%
Japón
87%
Madagascar
86%
Argentina
85%
Sudán
85%
Vietnam
85%
Portugal
81%
Pakistán
76%
Myanmar
75%
Marruecos
74%
Suecia
72%
Benín
71%
Mozambique
69%
Camerún
67%
India
66%
Togo
66%
Nepal
60%
Panamá
60%
Túnez
59%
Nueva Zelanda
58%
Islandia
53%
Paraguay
50%
Cuba
40%
República Checa
39%
Hungría
37%
Macedonia del Norte
33%
No se encontraron pruebas coincidentes
Distribución de puntuación
Porcentaje de gente con cada puntuación
Porcentaje por número respondido
Historial de tus puntuaciones
No has intentado esta prueba.